000 00673nam a2200289Ia 4500
005 20260324144058.0
008 008 260324s9999 xx 000 0 eng d
020 _a9781003243236
037 _aEBOOK
040 _aCRL
040 _beng
040 _cCRL
041 _2eng
041 _aeng
084 _qCRL
100 _aJohn T. Pardeck
_91217997
245 0 _aChild Abuse and Neglect
245 0 _bTheory, Research and Practice
260 _bTaylor and Francis
260 _c1989
365 _a
365 _b170
856 _uhttp://www.taylorfrancis.com/books/9781003243236
942 _cEBOOK
999 _c1824177
_d1824177